Ladrona de libros
En la Alemania previa a la II Guerra Mundial, Liesel y su hermano son enviados a vivir con una familia de acogida, pero el niño fallece. Para ella, el poder de las palabras y la imaginación se convierte en una forma de escapar de lo que le rodea.
Guardado en:
| Autor Principal: | |
|---|---|
| Autor Corporativo: | |
| Otros Autores: | , |
| Formato: | |
| Idioma: | Undetermined |
| Publicado: |
Estados Unidos :
20th Century Fox,
2013.
|
| Materias: | |
| Etiquetas: |
Agregar Etiqueta
Sin Etiquetas, Sea el primero en etiquetar este registro!
|
| LEADER | 01089ngm a22002295a 4500 | ||
|---|---|---|---|
| 001 | CEM.cems020989 | ||
| 008 | 240408s2013####xx#---############vlund#d | ||
| 005 | 20240408194947.0 | ||
| 245 | 1 | 0 | |a Ladrona de libros |h [videograbación] / |c Brian Percival. |
| 260 | |a Estados Unidos : |b 20th Century Fox, |c 2013. | ||
| 300 | |a 131'. | ||
| 520 | |a En la Alemania previa a la II Guerra Mundial, Liesel y su hermano son enviados a vivir con una familia de acogida, pero el niño fallece. Para ella, el poder de las palabras y la imaginación se convierte en una forma de escapar de lo que le rodea. | ||
| 538 | |a Soporte: DVD -- Formato: MPG Peso: 1.28gb -- Resolución: 352 x 288 -- 25fps | ||
| 500 | |a Título original: The Book Thief Idioma: Inglés Subtítulos: Español. | ||
| 590 | |a Identificación anterior: 403 | ||
| 100 | 1 | |a Percival, Brian. | |
| 700 | 1 | |a Zusak, Markus; Novela. | |
| 700 | 1 | |a Nélisse, Sophie; Reparto. | |
| 710 | 2 | |a 20th Century Studios. | |
| 653 | |a LARGOMETRAJE | ||
| 653 | |a FICCIÓN | ||
| 859 | |a CEMS |b BIB. CEMS - Depto. Recursos Didacticos |h 778.5 |i PER |k DRD |p 3338.24 |t Ej.1 | ||
